000 00592ntaaa2200193 4500
003 01
005 20251027202931.0
008 0714s1973 ag 01
040 _aAR-BaBN
_bspa
_cAR-BaBN
_eaacr
_dRIC
082 _a922.6810 M26
100 _aMaddox, N
_929989
245 _aDoña Efigenia
250 _a1 ed.
260 _aEl Paso :
_bCasa Bautista de Publicaciones,
_c1965
300 _a30 p
500 _aHistoria de una mujer audaz que escogió la vida misionera en el Brasil.Ej. 1 (22664) falta según inventario 1980
650 _aMaddox, Effie May Roe (1882-1950)
_929990
942 _cBK
999 _c24634
_d24634